Money and banking / (Record no. 8777)
[ view plain ]
| 000 -LEADER | |
|---|---|
| fixed length control field | 01162cam a22003371 4500 |
| 001 - CONTROL NUMBER | |
| control field | 8777 |
| 003 - CONTROL NUMBER IDENTIFIER | |
| rucl marc code | BD-RjUL |
| 005 - DATE AND TIME OF LATEST TRANSACTION | |
| control field | 20211208234641.0 |
| 008 - FIXED-LENGTH DATA ELEMENTS--GENERAL INFORMATION | |
| fixed length control field | 140119s1968 nyua b 001 0 eng |
| 035 ## - SYSTEM CONTROL NUMBER | |
| System control number | (BD-RjUL)8822 |
| 040 ## - CATALOGING SOURCE | |
| Original cataloging agency | DLC |
| Transcribing agency | DLC |
| Modifying agency | BD-RjUL |
| Language of cataloging | eng |
| 041 ## - LANGUAGE CODE | |
| Language code of text/sound track or separate title | eng |
| 082 00 - DEWEY DECIMAL CLASSIFICATION NUMBER | |
| Classification number | 332.1 |
| Author mark and year | SHM 1968 |
| 100 10 - MAIN ENTRY--PERSONAL NAME | |
| Personal name | Shapiro, Eli, |
| Dates associated with a name | 1916- |
| 9 (RLIN) | 27293 |
| 245 10 - TITLE STATEMENT | |
| Title | Money and banking / |
| Statement of responsibility, etc. | Eli Shapiro, Ezra Solomon, William L. White. |
| 250 ## - EDITION STATEMENT | |
| Edition statement | 5th ed. |
| 260 0# - PUBLICATION, DISTRIBUTION, ETC. (IMPRINT) | |
| Place of publication, distribution, etc. | New York ; |
| -- | London : |
| Name of publisher, distributor, etc. | Holt, Rinehart and Winston, |
| Date of publication, distribution, etc. | c1968. |
| 300 ## - PHYSICAL DESCRIPTION | |
| Pagination | xvii, 715 p. : |
| Illustrations | ill. ; |
| Size | 24 cm. |
| 500 ## - GENERAL NOTE | |
| General note | A revision of Money and banking, by W. H. Steiner, first published in 1933. |
| 504 ## - BIBLIOGRAPHY, ETC. NOTE | |
| Bibliography, etc | Includes bibliographies and index. |
| 650 #0 - SUBJECT ADDED ENTRY--TOPICAL TERM | |
| Topical term or geographic name as entry element | Banks and banking |
| Geographic subdivision | United States. |
| 9 (RLIN) | 27294 |
| Topical term or geographic name as entry element | Money. |
| 9 (RLIN) | 27295 |
| Topical term or geographic name as entry element | Monetary policy |
| Geographic subdivision | United States. |
| 9 (RLIN) | 27296 |
| Topical term or geographic name as entry element | International finance. |
| 9 (RLIN) | 27297 |
| 700 1# - ADDED ENTRY--PERSONAL NAME | |
| Personal name | Solomon, Ezra. |
| Personal name | White, William L. |
| Fuller form of name | (William Leo) |
| Personal name | Steiner, William Howard, |
| Dates associated with a name | 1894-1966. |
| 942 ## - ADDED ENTRY ELEMENTS (KOHA) | |
| Source of classification or shelving scheme | Dewey Decimal Classification |
| Koha item type | Books |
| Lost status | Source of classification or shelving scheme | Damaged status | Not for loan | Collection code | Permanent Location | Current Location | Shelving location | Date acquired | Source of acquisition | Total Checkouts | Full call number | Date last seen | Copy number | Koha item type |
|---|---|---|---|---|---|---|---|---|---|---|---|---|---|---|
| Dewey Decimal Classification | Non-fiction | Central Library, University of Rajshahi | Central Library, University of Rajshahi | 10/01/1974 | U.S.A. Govt. | 332.1 SHM 1968 | 19/01/2014 | C-5 | Books |